Nebezpečné hry staré Jeremiášky /
Rychlé šípy na stopě sekty! Další napínavý detektivní příběh z fikčního světa Jaroslava Foglara.
Uloženo v:
| Série: | Rychlé šípy na stopě,
část 3 |
|---|---|
| Hlavní autor: | |
| Další autoři: | |
| Médium: | Kniha |
| Jazyk: | Czech |
| Vydáno: |
V Praze :
Albatros,
2026
|
| Vydání: | 1. vydání |
| Edice: | Rychlé šípy na stopě
|
| Témata: | |
| Celkem bylo vypůjčeno: | 0x |
| Příbuzné jednotky: | Z cyklu::
Rychlé šípy na stopě |
| Tagy: |
Žádné tagy |
| LEADER | 02498nam a2200517 i 4500 | ||
|---|---|---|---|
| 001 | 106343 | ||
| 003 | CZ PrNK | ||
| 005 | 20260514075609.0 | ||
| 007 | ta | ||
| 008 | 260505s2026 xr a c 000 f cze | ||
| 015 | |a cnb003756485 | ||
| 020 | |a 9788000081267 |q (vázáno) : |c Kč 449,00 | ||
| 040 | |a ABG001 |b cze |e rda | ||
| 072 | 7 | |a 821.162.3-3 |x Česká próza |2 Konspekt |9 25 | |
| 072 | 7 | |a 821-93 |x Literatura pro děti a mládež (beletrie) |2 Konspekt |9 26 | |
| 080 | |a 821.162.3-31 |2 MRF | ||
| 080 | |a 821-93 |2 MRF | ||
| 080 | |a (0:82-312.4) |2 MRF | ||
| 080 | |a (0:82-311.3) |2 MRF | ||
| 100 | 1 | |a Horna, Pavel, |d 1964- |7 xx0124391 |4 aut |9 9404 | |
| 245 | 1 | 0 | |a Nebezpečné hry staré Jeremiášky / |c Pavel Horna ; ilustroval Vojtěch Šeda |
| 250 | |a 1. vydání | ||
| 264 | 1 | |a V Praze : |b Albatros, |c 2026 | |
| 300 | |a 213 stran : |b ilustrace ; |c 23 cm | ||
| 336 | |a text |b txt |2 rdacontent | ||
| 337 | |a bez média |b n |2 rdamedia | ||
| 338 | |a svazek |b nc |2 rdacarrier | ||
| 490 | 1 | |a Rychlé šípy na stopě | |
| 520 | 2 | |a Rychlé šípy na stopě sekty! Další napínavý detektivní příběh z fikčního světa Jaroslava Foglara. |b Tajemná kniha kouzel staré Jeremiášky se měla ztratit navždy. Jenže minulost se vrací - a s ní i nebezpečné hry, které mohou skončit tragicky. Když se objeví kluk jménem Milda s naléhavou prosbou o pomoc, začíná hon, v němž nechybí napětí, odvaha ani přátelství. Kdo je pouhou figurkou a kdo skutečným hráčem? Dokoná Bratrstvo kočičí pracky svou pomstu? A dokážou Rychlé šípy zastavit záhadnou sektu dřív, než bude pozdě? Nakladatelská anotace. | |
| 521 | 8 | |a Pro čtenáře od 10 let | |
| 655 | 7 | |a české romány |7 fd133974 |2 czenas |9 54031 | |
| 655 | 7 | |a detektivní romány |7 fd132010 |2 czenas |9 53536 | |
| 655 | 7 | |a dobrodružné romány |7 fd132061 |2 czenas |9 53558 | |
| 655 | 7 | |a publikace pro děti |7 fd133156 |2 czenas |9 23 | |
| 655 | 9 | |a Czech fiction |2 eczenas | |
| 655 | 9 | |a detective novels |2 eczenas | |
| 655 | 9 | |a adventure novels |2 eczenas | |
| 655 | 9 | |a children's literature |2 eczenas | |
| 700 | 1 | |a Šeda, Vojtěch, |d 1985- |7 xx0078611 |4 ill |9 109755 | |
| 710 | 2 | |a Nakladatelství Albatros |7 kn20010724027 |4 pbl |9 108199 | |
| 787 | 0 | 8 | |i Z cyklu: |t Rychlé šípy na stopě |g 3 |
| 830 | 0 | |a Rychlé šípy na stopě | |
| 910 | |a UOG502 | ||
| 942 | |2 ddc |c KN | ||
| 999 | |d 106343 | ||
| 993 | |0 0 |1 421180107064 |2 ddc |4 0 |6 M_I |7 0 |9 99725 |b 0 |c 107064 |d 2026-05-14 |e 0 |f M |g M/I |h 449.00 |i Koupě |l M |r 2026-05-14 |t 8 |w 2026-05-14 |y KN |z BELET |n | ||